| 000 | 01137 a2200289 4500 | ||
|---|---|---|---|
| 999 |
_c10448 _d10448 |
||
| 020 | _a9781771721547 | ||
| 050 | 0 | 0 | _aRC 76 JAR 2019 |
| 100 | 1 |
_aJarvis, Carolyn, _eauthor. |
|
| 245 | 1 | 0 |
_aPhysical examination & health assessment / _cCarolyn Jarvis, original illustrations by Pat Thomas, assessment photographs by Kevin Strandberg |
| 250 | _a3rd Canadian edition. | ||
| 264 | 1 |
_aSt. Louis, Missouri : _bElsevier, _c2019 |
|
| 300 |
_axv, 937 pages : _billustrations (chiefly color), portrait ; |
||
| 500 | _aIncludes bibliographical references and index. | ||
| 504 | _aIncludes bibliographical references and index. | ||
| 650 | 0 | _aPhysical diagnosis. | |
| 650 | 0 | _aNursing assessment. | |
| 650 | 1 | 2 |
_aPhysical Examination _xmethods. |
| 650 | 2 | 2 |
_aMedical History Taking _xmethods. |
| 650 | 2 | 2 |
_aNursing Assessment _xmethods. |
| 650 | 7 | _aNursing assessment. | |
| 650 | 7 | _aPhysical diagnosis. | |
| 700 |
_aBrowne, Annette _eeditor |
||
| 700 |
_aLuctkar-Flude, Marian _eeditor |
||
| 700 |
_aMacDonald-Jenkins, June _eeditor |
||
| 942 |
_2lcc _cBK _h76 _iJAR _kRC |
||